|
|
|
|
| LEADER |
00000cam a2200000 i 4500 |
| 001 |
1/32385 |
| 008 |
030206s1992 eng d |
| 020 |
|
|
|a 1-871015-01-4
|
| 035 |
|
|
|l 10069328
|
| 040 |
|
|
|a GR-MY-UA
|b gre
|e aacr
|
| 041 |
0 |
|
|a eng
|
| 082 |
0 |
|
|a 780.7
|
| 245 |
1 |
0 |
|a Some approaches to research in music education /
|c edited by Anthony E. Kemp
|
| 260 |
|
|
|a Huddersfield :
|b ISME,
|c 1992
|
| 300 |
|
|
|a 158 p.
|
| 650 |
0 |
0 |
|a Music
|x Instruction and study
|x Research.
|
| 700 |
1 |
|
|4 edt
|a Kemp, Anthony.
|
| 852 |
|
|
|a INST
|b RHODES
|e 20030206
|h 780.7 SOM
|p 005400015800
|q 005400015800
|t BK
|y 0
|
| 901 |
|
|
|a BIBL4-2003-1
|
| 909 |
|
|
|a Ρ
|b 101665
|
| 970 |
|
|
|a ΚΟΥΛΑΚΙΟΤΗ
|b ΛΙΤΣΑ
|z 2003/02/06
|